| 000 | 00348cam a2200145ua 4500 | ||
|---|---|---|---|
| 041 |
_aeng _h |
||
| 082 |
_a539.721 _bHUG/NE |
||
| 100 | _aHughes , Donald J . | ||
| 245 |
_aNeutron story / _cDonald J Hughes. _hTextual Documents |
||
| 260 |
_aLondon : _bHeinemann , _c1960. |
||
| 300 | _a158 ; . | ||
| 504 | _a | ||
| 942 | _cBK | ||
| 999 |
_c9298 _d9298 |
||